<?xml version="1.0" encoding="UTF-8"?>
<record
    xmlns:xsi="http://www.w3.org/2001/XMLSchema-instance"
    xsi:schemaLocation="http://www.loc.gov/MARC21/slim http://www.loc.gov/standards/marcxml/schema/MARC21slim.xsd"
    xmlns="http://www.loc.gov/MARC21/slim">

  <leader>01450njm a2200217 a 4500</leader>
  <controlfield tag="001">ASINB004GWS8MK</controlfield>
  <controlfield tag="005">20200421093826.0</controlfield>
  <controlfield tag="008">130724s2011    xxu                 eng d</controlfield>
  <datafield tag="020" ind1=" " ind2=" ">
    <subfield code="c">&#xA3;13.99</subfield>
  </datafield>
  <datafield tag="024" ind1="1" ind2=" ">
    <subfield code="a">710347116622</subfield>
  </datafield>
  <datafield tag="100" ind1="1" ind2=" ">
    <subfield code="a">Fish, Samantha.</subfield>
    <subfield code="9">1495</subfield>
  </datafield>
  <datafield tag="245" ind1="1" ind2="0">
    <subfield code="a">Girls with guitars</subfield>
    <subfield code="h">[sound recording] /</subfield>
    <subfield code="c">Samantha Fish, Cassie Taylor, Dani Wilde.</subfield>
  </datafield>
  <datafield tag="260" ind1=" " ind2=" ">
    <subfield code="a">[S.l.] :</subfield>
    <subfield code="b">RUF,</subfield>
    <subfield code="c">2011.</subfield>
  </datafield>
  <datafield tag="300" ind1=" " ind2=" ">
    <subfield code="a">1 sound disc :</subfield>
    <subfield code="b">digital ;</subfield>
    <subfield code="c">4 3/4 in.</subfield>
  </datafield>
  <datafield tag="505" ind1="0" ind2=" ">
    <subfield code="t">Bitch --</subfield>
    <subfield code="t">Satisfy my soul --</subfield>
    <subfield code="t">Mr. loving man --</subfield>
    <subfield code="t">We ain't gonna get out alive --</subfield>
    <subfield code="t">Reason to stay --</subfield>
    <subfield code="t">Get back --</subfield>
    <subfield code="t">Come on home --</subfield>
    <subfield code="t">Leaving chicago --</subfield>
    <subfield code="t">Wait a minute --</subfield>
    <subfield code="t">Move on --</subfield>
    <subfield code="t">Are you ready --</subfield>
    <subfield code="t">Jet airliner.</subfield>
  </datafield>
  <datafield tag="520" ind1=" " ind2=" ">
    <subfield code="a">1-Bitch 2-Satisfy My Soul 3-Mr. Loving Man 4-We Ain't Gonna Get Out Alive 5-Reason To Stay 6-Get Back 7-Come On Home 8-Leaving Chicago 9-Wait A Minute 10-Move On 11-Are You Ready 12-Jet Airliner Otis Taylor's daughter, Samantha Fish from Tennessee, and Dani Wilde from the UK: the blues' most adorable girl group. Cute vocals and rocking guitars - what an extreme. Maybe this set is of interest to boys from their peer group. Just too sweet for me. DANI WILDE -gtr/voc, SAMANTHA FISH - gtr, CASSIE TAYLOR - bass/voc, JAMIE LITTLE - drums. Special guest: MIKE ZITO - gtr.</subfield>
  </datafield>
  <datafield tag="700" ind1="1" ind2=" ">
    <subfield code="a">Taylor, Cassie.</subfield>
    <subfield code="9">1502</subfield>
  </datafield>
  <datafield tag="700" ind1="1" ind2=" ">
    <subfield code="a">Wilde, Dani.</subfield>
    <subfield code="9">1555</subfield>
  </datafield>
  <datafield tag="856" ind1="4" ind2="0">
    <subfield code="3">Amazon.com</subfield>
    <subfield code="u">http://www.amazon.co.uk/exec/obidos/ASIN/B004GWS8MK/chopaconline-20</subfield>
  </datafield>
  <datafield tag="942" ind1=" " ind2=" ">
    <subfield code="2">ddc</subfield>
    <subfield code="c">MU</subfield>
  </datafield>
  <datafield tag="999" ind1=" " ind2=" ">
    <subfield code="c">318</subfield>
    <subfield code="d">318</subfield>
  </datafield>
  <datafield tag="952" ind1=" " ind2=" ">
    <subfield code="0">0</subfield>
    <subfield code="1">0</subfield>
    <subfield code="4">0</subfield>
    <subfield code="7">0</subfield>
    <subfield code="8">REF</subfield>
    <subfield code="a">FPL</subfield>
    <subfield code="b">FPL</subfield>
    <subfield code="c">AV</subfield>
    <subfield code="d">2014-09-04</subfield>
    <subfield code="p">39999000013979</subfield>
    <subfield code="r">2014-09-04 00:00:00</subfield>
    <subfield code="w">2014-09-04</subfield>
    <subfield code="y">MU</subfield>
  </datafield>
</record>
